000 00732cam a22002292 4500
001 0000002930
005 20151217151908.0
008 070424s xx 000 0 eng d
020 _a047131644X :
_cUSD 6.99
040 _aKABU
_cKABU
050 0 _aHG179
_b.E76 1999
245 1 0 _aErnst & Young's financial planning essentials /
_cRobert J. Garner ... [et al.]
260 _aNew York :
_bJohn Wiley & Sons, Inc.,
_cc1999.
300 _a297 p. ;
_c18 cm.
650 0 _aFinance, Personal.
_@0000152441
650 0 _aInvestments.
_@0000105741
650 0 _aFinancial security.
_@0000152442
700 1 _aGarner, Robert J.
_@0000152443
908 _a070424
950 _@1
999 _c6115
_d6115